Second Colloque sur les équations aux dérivées partielles : tenu à Bruxelles, du 24 au 26 mai 1954 /

Guardado en:
Autor Corporativo: Colloque sur les équations aux dérivées partielles Bruselas)
Formato: Libro
Idioma:French
Publicado: Liège : Georges Thone, 1955.
Etiquetas: Agregar Etiqueta
Sin Etiquetas, Sea el primero en etiquetar este registro!
LEADER 00563nam a22001335a 4500
001 MAT.inmabb000832
008 031119s1955####be############101#0#fre#d
005 20170804155151.0
245 1 0 |a Second Colloque sur les équations aux dérivées partielles :  |b tenu à Bruxelles, du 24 au 26 mai 1954 /  |c Centre Belge de Recherches Mathématiques. 
260 |a Liège :  |b Georges Thone,  |c 1955. 
300 |a 128 p. 
111 2 |a Colloque sur les équations aux dérivées partielles  |n (2º :  |d 1954 :  |c Bruselas) 
084 |a 00B25  |a 35-XX  |2 msc2000 
859 |h 00B25  |i C714-2  |p A-648  |b BIB. MATEMATICA